书目信息 |
| 题名: |
化工工艺学
|
|
| 作者: | 殷德宏 , 仲剑初 , 徐绍平 编著 | |
| 分册: | ||
| 出版信息: | 大连 大连理工大学出版社 2004.09 |
|
| 页数: | 371页 | |
| 开本: | 29cm | |
| 丛书名: | ||
| 单 册: | ||
| 中图分类: | TQ02 | |
| 科图分类: | ||
| 主题词: | 化工过程--hua gong guo cheng--工艺学--高等学校--教材 | |
| 电子资源: | ||
| ISBN: | 7-5611-2686-7 | |
| 000 | 00957nam0 2200265 450 | |
| 001 | 0962274781 | |
| 005 | 20090616171843.12 | |
| 010 | @a7-5611-2686-7@dCNY35.00 | |
| 100 | @a20050519d2004 km y0chiy0120 ea | |
| 101 | 0 | @achi |
| 102 | @aCN@b210000 | |
| 105 | @aa a 000yy | |
| 200 | 1 | @a化工工艺学@Ahua gong gong yi xue@f徐绍平, 殷德宏, 仲剑初编著@Fxu shao ping,yin de hong,zhong jian chu bian zhu |
| 210 | @a大连@c大连理工大学出版社@d2004.09 | |
| 215 | @a371页@c图@d29cm | |
| 300 | @a高等学校理工科规划教材 | |
| 320 | @a有书目。 | |
| 330 | @a本书以矿物原料出发,以无机化工、石油化工和煤化工反应单元工艺为主线组织编写,扩展了煤化学基础、石油炼制和盐水体系相图等内容。 | |
| 606 | 0 | @a化工过程@Ahua gong guo cheng@x工艺学@x高等学校@x教材 |
| 690 | @aTQ02@v4 | |
| 701 | 0 | @a殷德宏@Ayin de hong@4编著 |
| 701 | 0 | @a仲剑初@Azhong jian chu@4编著 |
| 701 | 0 | @a徐绍平@Axu shao ping@4编著 |
| 801 | 0 | @aCN@bRULIN@c20090616 |
| 905 | @a10447@dTQ02@eX790 | |
| 化工工艺学/徐绍平, 殷德宏, 仲剑初编著.-大连:大连理工大学出版社,2004.09 |
| 371页:图;29cm |
| 高等学校理工科规划教材 |
| ISBN 7-5611-2686-7:CNY35.00 |
| 本书以矿物原料出发,以无机化工、石油化工和煤化工反应单元工艺为主线组织编写,扩展了煤化学基础、石油炼制和盐水体系相图等内容。 |
| ● |
| 相关链接 |
|
|
|
正题名:化工工艺学
索取号:TQ02/X790
 
预约/预借
| 序号 | 登录号 | 条形码 | 馆藏地/架位号 | 状态 | 备注 |
| 1 | 469000 | 204690003 | 自科库501/501自科库 137排6列6层/ [索取号:TQ02/X790] | 在馆 |